000 00324nam a2200145Ia 4500
100 _aMehta V.K.
650 _aElectrical Engineering
942 _cRB
654 _aBasic Electronics
245 _aBasic Electronic
260 _bNew India Pub. House
_aDelhi
_c1985
082 _a621.3
300 _a134
546 _aENGLISH
999 _c33204
_d33204